LEADER 00696nam a2200205 i 4500 001 000000103793 003 CaOOAMICUS 005 20011016000000.0 008 011016s1982 gw u000 u mul u 013 $a75974 020 $a3-17-007642-6 040 $aSeMil$bita 245 10$aHmr-jtr. 300 $aXIII, 568 p. 773 0 $tTheologisches Wörterbuch zum Alten Testament.$dStuttgart [etc.] : Kohlhammer, 1973.$g3$w()1197 850 $aSeMil 852 $aSeMil$W1$xVenegono$y1$mSL1.R VI 3$j60241$B60241$CSeMilBibl$Z2$F44724 $8I 961 $aSottoscrizione: Casa editrice 996 $6020$a3-17-007642-6$9(OLS)http://semarc/number/83694 996 $6245$aHmr-jtr$9(OLS)http://semarc/title/150620 LEADER 00540nab a2200145 i 4500 001 000000323849 003 CaOOAMICUS 005 20180831173432.0 008 180831n xx uu u0 0und r 013 $a34217 040 $aSeMil$bita 245 10$aSant'Ignazio di Antiochia :$bvescovo e martire, 17 ottobre. 600 04$aIgnazio : di Antiochia .$0(OLS)http://semarc/subject/11027 773 0 $t[SENZA TITOLO].$gp.10-14$w()283253 996 $6245$aSant'Ignazio di Antiochia :$bvescovo e martire, 17 ottobre$9(OLS)http://semarc/title/397230